000 00964nam a2200289 i 4500
001 140740
003 ES-MaACL
005 20250702063101.0
007 t|
008 070917s1972 xxk |||| | eng d
020 _a014048.016 1
080 _a821.111
100 1 _aWilde, Oscar,
_d1854-1900
_9241147
245 1 0 _aPlays /
_cOscar Wilde.
260 _aMiddlesex :
_bPenguin Books,
_c[1972]
300 _a347 p. ;
_c18 cm.
490 1 _aPenguins Plays. Drama
505 8 _aContiene: ;
_tLady windermere's fan ;
_tA woman of no importance ;
_tAn ideal husband ;
_tThe importance of being Earnest ;
_tSalomé
740 0 2 _aLady's Windermere's fan.
740 2 2 _aA woman of no importance.
740 3 2 _aAn ideal husband.
740 4 2 _aThe importance of being Earnest.
740 0 2 _aSalomé.
830 0 _aPenguins Plays. Drama
_9187182
852 _aES-MaACL
_jE-12141
_z. - Biblioteca Jacinto Martínez Lacalle
999 _c140740
_d140740